[Event "Sinquefield Cup 3rd"]
[Site "Saint Louis"]
[Date "2015.08.28"]
[Round "6"]
[White "Vachier Lagrave, Maxime"]
[Black "Topalov, Veselin"]
[Result "1-0"]
[WhiteElo "2731"]
[BlackElo "2816"]
[Annotator "Marin,M"]
[PlyCount "73"]
[EventDate "2015.08.23"]
[EventType "tourn"]
[EventRounds "9"]
[EventCountry "USA"]
[EventCategory "22"]
[SourceTitle "CBM 168"]
[Source "ChessBase"]
[SourceDate "2015.09.14"]
[SourceVersion "1"]
[SourceVersionDate "2015.09.14"]
[SourceQuality "1"]
[TimeControl "40/7200:3600+30"]

1. e4 {[%emt 0:00:04]} e5 {[%emt 0:00:10]} 2. Nf3 {[%emt 0:00:04]} Nc6 {
[%emt 0:00:05]} 3. Bb5 {[%emt 0:00:04]} Nf6 {[%emt 0:00:10]} 4. O-O {[%emt 0:
00:20]} Nxe4 {[%emt 0:00:27]} 5. d4 {[%emt 0:00:06]} Nd6 {[%emt 0:00:05]} 6.
Bxc6 {[%emt 0:00:09]} dxc6 {[%emt 0:00:10]} 7. dxe5 {[%emt 0:00:03]} Nf5 {
[%emt 0:00:06]} 8. Qxd8+ {[%emt 0:00:05]} Kxd8 {[%emt 0:00:06];Polgar,J (2735)
-Topalov,V (2788) FIDE-Wch San Luis 2005 (6) 0-1 Even though Topalov's
trademark opening is the Najdorf Sicilian, the Berlin defence, a "discovery"
of his former World title rival, occupies a solid place in his repertoire. He
has used it twice on his way to the supreme title in San Luis 2010. He scored
an important win in the early rounds in} {and a safe draw to secure his first
place in the penultimate round in} 9. h3 {[%emt 0:02:24];Kasimdzhanov,R (2670)
-Topalov,V (2788) FIDE-Wch San Luis 2005 (13) 1/2} h6 {[%emt 0:02:44]} 10. Rd1+
{[%emt 0:02:42]} Ke8 {[%emt 0:00:14]} 11. Nc3 {[%emt 0:00:08]} Ne7 {[%emt 0:01:
33] The paradox of this opening is that with the exception of his knight Black
is even worse than completely undeveloped, since he has lost the right to
castle in the meanwhile. What makes things even more weird is that he can keep
moving around with the same knight which has consumed four tempi over the
first eight moves! Quite naturally, developing moves have also been tried here.
} (11... Bd7 12. Bf4 Rd8 {Caruana,F (2783)-Carlsen,M (2881) Shamkir 2014 CBM
160 [Caruana,F] (1-0, 53)}) (11... Be7 {was the choice of a Berlin
non-specialist, even though one of the greatest players ever!} 12. Ne2 Nh4 13.
Nxh4 Bxh4 14. Be3 Bf5 15. Nd4 Bh7 16. g4 Be7 17. Kg2 h5 18. Nf5 Bf8 19. Kf3 {
Polgar,J (2681)-Kasparov,G (2838) Moscow (Russia vs World, rapid) 2002 CBM 091
[Wedberg] (1-0, 42)}) ({In view of the permanent danger of a pawn break in the
centre,} 11... Be6 {looks as a solid option. The only problem is that Black
has to give up the bishops' pair soon.} 12. g4 Ne7 13. Nd4 Rd8 14. Bf4 ({
The prophilactic} 14. Kg2 $5 {might have been better. By evacuasting the back
rank White threatens Nxe6, in order to meet ...Rxd1? (without check) with
Nxc7+, winning a pawn.} Bc8 15. Bf4 {This looks like a more active version of
the game continuation.}) 14... Nd5 $1 15. Nxe6 fxe6 16. Ne2 b5 ({Black could
have ignored the threat c2-c4, weakening the d4- and d3 squares with} 16... Kf7
{for instance} 17. c4 Nxf4 18. Nxf4 Bc5 $132) 17. b3 (17. Bg3 $5) 17... Bc5 (
17... Kf7 $5) 18. c4 bxc4 19. bxc4 Nb6 20. Rxd8+ Kxd8 21. h4 Ke7 22. g5 {
In Ni,H (2703)-Sasikiran,K (2640) Danzhou 2015 (1-0, 48) Black should have met
White's original pawn break with} Rf8 23. Kg2 Rf5 {[%csl Gc4,Gf2]}) 12. Nd4 {
[%emt 0:06:18] Deviating from two recent games of the main Berlin player
Caruana.} (12. Bf4 Ng6 13. Bh2 Be7 14. Nd4 Nf8 15. Rd3 h5 16. Re1 Ne6 {allowed
Black a safe regrouping in Caruana,F (2803)-Dominguez Perez,L (2734)
Khanty-Mansiysk 2015 CBM 167 [Marin,M] (½-½, 40)}) (12. b3 Bf5 13. Nd4 Bh7
14. Bb2 {Caruana,F (2805)-Carlsen,M (2876) Stavanger 2015 CBM 167 [Wagner,D] 
(1-0, 45)}) 12... Ng6 {[%emt 0:10:19] It is essential to clear the e7-square
for the king for reasons which will be revealed in the lines below.} (12... a6
{is clumsily preparing the losing ...c6-c5.} 13. a3 {This does not make much
sense, it only invited Black to take the byte.} (13. Ne4 $14 {would be a more
useufl way of preventing ...c5.}) 13... c5 $2 (13... Ng6 14. f4 {would lead to
similar play as in the game.}) 14. Ndb5 $1 axb5 15. Nxb5 {In view of the
threat Nxc7 mate Black loses material. Now is when the unavailibility of the
e7-square is relevant.} Nd5 16. Rxd5 c6 17. Nd6+ Kd7 18. Rd3 $18 {Bobras,P 
(2576)-Korneev,O (2651) La Laguna 2008 (½-½, 57)}) ({And a neutral move like
} 12... h5 $2 {would allow the same trick:} 13. Ndb5 $1 $18) 13. f4 {[%emt 0:
02:36]} ({With the e7-square free, the combination} 13. Ndb5 $6 {does not
really work:} cxb5 14. Nxb5 Rb8 15. Nxc7+ Ke7 16. b3 Bd7 17. Ba3+ Kd8 18. e6 {
Coleman,M (2201)-Parry,M (2292) Cherry Hill 2007 (1-0, 55)} Kxc7 19. Rxd7+ Kc6
$15 {White does not have enough compensation for the knight. Due to his
hanging bishop, he has no time to play Rxf7, which would change the situation
quite a lot.}) 13... Bc5 {[%emt 0:00:17] Planning the exchange on d4 in order
to increase Black's control over the e6- and f5-squares. But this will allow
White achieve a very active position, while the g6-knight is not of much use
for the blockade anyway. Unless Black intends to spend two more tempi with it
to return to f5.} ({If} 13... a6 14. Be3 c5 $2 {White already has an
alternative to the familiar combination:} 15. Nd5 $1 Kd7 16. Nb3 Kc6 17. Na5+)
(13... f6 {was a worthy alternative to the game move, aiming to neutralize
White's space advantage.} 14. exf6 (14. e6 Bc5 15. f5 Nh4 {leaves the pawns
hanging.}) 14... gxf6 {Black plans ...Kf7, ...h5-h4 and if} 15. f5 Nh4 16. g4
h5 {he has reasonable counterplay.}) 14. Be3 {[%emt 0:04:02]} h5 {[%emt 0:01:
12]} 15. Ne4 {[%emt 0:11:13]} Bxd4 {[%emt 0:00:07]} (15... Bb6 {would more or
less force Black take on d4 anyway after} 16. c4) (15... Be7 {is just a loss
of time, allowing White to slowly increase the pressure with} 16. Rd2 $14) 16.
Rxd4 {[%emt 0:00:04]} h4 {[%emt 0:03:44]} 17. Rad1 {[%emt 0:10:01] If Black
could regroup with ...Ne7-f5 followed by ...Be6 he would achieve a dream
position, with perfect blockade on light squares. But he does not have the
time for pursuing such dreams due to the threat 18.Rd8+ Ke7 19.Bc5+} Bf5 {
[%emt 0:00:44]} (17... Be6 {runs into} 18. Nc5 b6 19. Nxe6 fxe6 20. Rd7 {
when the tricky} Ne7 {fails o equalize:} 21. Rxc7 Nd5 22. Rxd5 cxd5 23. Rxg7 {
with two pawns for the exchange and a very active position.}) 18. e6 {[%emt 0:
01:57] So far, both players had spent some time on several moves, but White
played his last move after less than two minutes. This type of pawn break is
thematic and when it works it can cause Black some trouble.} Bxe6 $6 {[%emt 0:
29:40] Topalov was visibly surprized by the last move, as he answered after
half an hour. He was possibly living under the illusion that the light suqars
are all "his". But the last move does not solve Black's problems completely.} (
{True} 18... Bxe4 $6 {is not entirely satisfactory either:} 19. Rxe4 ({The
hurried} 19. exf7+ {only speeds up Black's development:} Kxf7 20. Rxe4 Rad8 21.
Rxd8 Rxd8 22. f5 Rd1+ 23. Kf2 Ne7 $11 {[%csl Gf5,Gh4]}) 19... f5 (19... fxe6 $2
20. f5 Nf8 21. fxe6 $18) 20. Rb4 b6 21. Rd7 $36) ({But} 18... fxe6 {is not at
all easy to refute, even though White's compensation is beyond any doubt.} 19.
Ng5 {[%cal Gd4d7]} Ne7 20. c4 (20. Rd7 Nd5) 20... c5 21. R4d2 (21. Rd7 Nd5 22.
Rxg7 Nxe3 23. Rdd7 {leads only to a draw by perpetual.}) 21... b6 $44 {White's
position is more active, but Black is solid and has an extra pawn. The game is
rather one-sided (Black cannot generate counterplay too easily) but it is not
obvious how could White break the black fortress.}) 19. Nc5 {[%emt 0:01:44]}
Rh5 $146 {[%emt 0:09:01] Most probably, an over-the-board novelty.} (19... b6
20. Nxe6 fxe6 21. Rd7 $16 {Saric,I (2609)-Sulava,N (2565) Marija Bistrica 2011
(1-0, 33)}) (19... Bc8 {is too passive to be good:} 20. Re4+ $1 Ne7 21. Bd4 {
[%cal Gd1e1,Gd4g7]} f5 22. Re2 Kf7 23. Bxg7 $16) 20. Nxb7 {[%emt 0:07:34]
Black has chronical weaknesses on the queenside, but Topalov had thought up a
way to mend the pawns.} Rd5 $6 {[%emt 0:05:13] This will eventually rid Black
of his double pawns, but not of the weak c5-square.} (20... Rb5 $5 21. Nd8 $8
Rxb2 22. Nxc6 {Threatening Rd8+ followed by mate.} f5 {[%csl Ge5,Gg5]} ({
The strategically more desirable} 22... f6 $2 {fails tacctically to} 23. Re4
Kf7 24. Nd8+) 23. R4d3 Rxa2 24. Nd4 Bd7 25. Rc3 c6 26. Nf3 $44 {White surely
has the initiative due to the weakness of the dark squares and the presence of
opposite-coloured bishops, but Black is not without counterchances.}) 21. b3 {
[%emt 0:08:26]} Rb8 {[%emt 0:05:18]} 22. Rxd5 {[%emt 0:00:10]} cxd5 {[%emt 0:
00:19]} 23. Nc5 {[%emt 0:00:05]} c6 {[%emt 0:02:07]} 24. Rd4 {[%emt 0:03:22]
White has a perfect blockade and threatens to win the a7-pawn.} Bc8 {[%emt 0:
07:59] This looks a bit passive.} ({True, Black had to remove the bishop from
e6, for instance:} 24... Ne7 $2 25. Ra4 Ra8 26. Nxe6 fxe6 27. Rxa7 $18) ({But} 
24... Bf5 {looks a bit more active even though} 25. c4 {may be similar to the
game.}) 25. Ra4 {[%emt 0:01:06]} Ra8 {[%emt 0:00:12]} 26. c4 {[%emt 0:07:57]}
dxc4 $6 {[%emt 0:04:17] A heavy positional concession.} (26... Ne7 27. cxd5
cxd5 $14 {[%cal Ge7f5] would still have been playable for Black. In fact, the
knight manoeuvre gives meaning to the bishop retreat to c8 rather than f5.})
27. Rxc4 $16 {[%emt 0:01:47]} Bf5 {[%emt 0:01:33]} ({Even now} 27... Ne7 {
made some sense.}) 28. Nb7 {[%emt 0:01:04] Sudenly, White switches to the
attacking mode.} Kd7 {[%emt 0:02:28]} 29. Rd4+ {[%emt 0:02:22]} Kc7 {[%emt 0:
03:11]} 30. Nd6 {[%emt 0:00:40]} Bb1 {[%emt 0:00:52]} (30... Be6 31. f5 Bd5 32.
Nb5+ (32. Nxf7 $5) 32... cxb5 33. Rxd5 Ne7 34. Rxb5 $18) 31. Nxf7 {[%emt 0:05:
57]} Re8 {[%emt 0:07:42]} (31... Bxa2 32. f5 Nf8 33. Rb4 {[%csl Ra2][%cal
Ge3f4] threatens the devastating Bf4+ while leaving the a2-bishop in off-side.}
) 32. Kf2 {[%emt 0:01:13]} Bxa2 $2 {[%emt 0:05:42] Giving away the control of
the f5-square makes things simpler for White.} (32... a6 {, removing the pawn
from the e3-bishop's range would have offered some hopes still.} 33. Ra4 Re4
34. Rxe4 (34. Rxa6 Nxf4 {offers some shadow of counterplay.}) 34... Bxe4 35.
Ng5 Bb1 36. a3 Kd6 37. b4 Kd5 {and a win is not obvious for White yet.}) 33. f5
$18 {[%emt 0:02:14]} Nf8 {[%emt 0:00:09]} 34. Ra4 {[%emt 0:05:37]} Bxb3 {
[%emt 0:00:05]} 35. Rxa7+ {[%emt 0:00:06]} Kb8 {[%emt 0:00:17]} 36. Nd6 {
[%emt 0:00:09]} Rd8 {[%emt 0:00:07]} 37. Rxg7 {[%emt 0:01:52][%cal Ge3g5,Gg5h4]
} (37. Rxg7 Rxd6 38. Bf4) 1-0

[Event "Foros Aerosvit 3rd"]
[Site "Foros"]
[Date "2008.06.19"]
[Round "11"]
[White "Volokitin, Andrei"]
[Black "Alekseev, Evgeny V"]
[Result "1-0"]
[WhiteElo "2684"]
[BlackElo "2711"]
[Annotator "Marin,M"]
[PlyCount "89"]
[EventDate "2008.06.08"]
[EventType "tourn"]
[EventRounds "11"]
[EventCountry "UKR"]
[EventCategory "19"]
[SourceTitle "CBM 125"]
[Source "ChessBase"]
[SourceDate "2008.07.30"]
[SourceVersion "1"]
[SourceVersionDate "2008.07.30"]
[SourceQuality "1"]

1. e4 e5 2. Nf3 Nc6 3. Bb5 Nf6 4. O-O Nxe4 5. d4 Nd6 6. Bxc6 dxc6 7. dxe5 Nf5
8. Qxd8+ Kxd8 9. Nc3 Ne7 10. h3 Ng6 11. Ne4 Ke8 {The king returns to its
initial square, where it will remain for more than 20 moves before coming
under serious attack.} ({Earlier in the same tournament, Volokitin was
confronted with the more fashionable plan of transferring the king to the
queenside, but got an advantage anyway.} 11... h6 12. b3 a5 13. a4 c5 14. Bb2
Be6 15. Nfd2 Nf4 16. Kh2 g6 17. Nc4 Kd7 18. g3 Nd5 19. f4 h5 20. Rad1 Kc6 21.
Ng5 Bg7 22. Nxe6 fxe6 23. Bc1 Bh6 24. Kg2 Rhf8 25. Na3 Rf7 26. c4 Ne7 27. Rd3
Rg8 28. Rfd1 Nf5 {Volokitin,A (2684)-Eljanov,P (2687)/Foros 2008/CBM 125 (0-1,
48)} 29. h4 $14) 12. Re1 h6 13. Bd2 $5 {An apparently modest move, aiming for
rapid piece development without weakening the queenside.} (13. Nd4 {Brodsky,M 
(2530)-Van den Doel,E (2547)/Wijk aan Zee 1999/CBM 069/[Wedberg] (1-0, 43)}) (
13. b3 a5 14. a4 c5 15. c4 Be6 16. Bb2 Kd7 17. Rad1+ Kc6 18. Nc3 Be7 19. Nd5
Rad8 20. Nxe7+ Nxe7 21. Kf1 Ng6 22. Bc3 b6 $11 {Iuldachev,S (2511)-Berzinsh,R 
(2472)/Bled 2002/EXT 2003 (1/2-1/2, 48)}) 13... c5 14. Rad1 {Now, the black
king can forget about reaching c6.} (14. Ng3 Be6 15. Nh5 {is slightly too slow,
allowing Black to regroup with} Kd7 $1 16. Nh2 Kc6 17. f4 Rd8 18. Be3 Ne7 19.
g4 g6 20. Nf6 Bg7 21. Nf3 Nd5 22. Nxd5 Bxd5 23. Kf2 h5 24. Kg3 hxg4 25. hxg4 f6
$11 {Short,N (2684)-Bacrot,E (2712)/playchess.com INT 2004/EXT 2005 (1/2-1/2,
48)}) ({However,} 14. a4 {has confronted Black with problems:} a5 ({The
further advance of the a-pawn should be prevented.} 14... Be6 $6 15. a5 $1 Rd8
16. Be3 b6 17. Nc3 Ra8 18. Red1 Be7 19. Nb5 Bd8 20. axb6 cxb6 21. Nxa7 Bd7 22.
c4 Ke7 23. b4 $1 cxb4 24. c5 $1 $16 {Fressinet,L (2536)-Jonkman,H (2424)/
Mondariz 2000/CBM 079 (1-0, 39)}) 15. h4 (15. Rad1 $5) 15... b6 (15... Bg4 $5)
16. h5 Ne7 17. Nd6+ $1 $36 cxd6 18. exd6 Be6 19. dxe7 Bxe7 20. Ne5 Bd6 21. Bf4
Rd8 22. Rad1 $32 {White's advance in development is threatening and Black has
to simplify to a worse ending.} Bxe5 23. Bxe5 Rxd1 24. Rxd1 f6 25. Bc7 $14 {
Kulaots,K (2491)-Yemelin,V (2510)/Tallinn 2000/CBM 077 ext (1/2-1/2, 50)})
14... Be6 15. a3 $146 {White gets his pawns out of the range of the enemy
light-squared bishop, giving up any queenside ambitions. His hopes are mainly
connected with the right half of the board now.} (15. b3 Rd8 16. c4 Be7 17. Ng3
h5 18. Ne4 b6 19. Nc3 Rd7 20. Bg5 {Gelashvili,T (2506)-Ovsejevitsch,S (2529)/
Korinthos 2001/EXT 2002 (1/2-1/2, 50)} Rxd1 21. Rxd1 Nxe5 22. Nxe5 Bxg5 23. Nb5
Bd8 24. Nc6 Bd7 $11 {Gelashivili}) 15... Rd8 16. Ng3 Bd5 ({If Black wishes to
exchange one pair of knights,} 16... Be7 {/\...Nh4, /\...h5 comes into
consideration, too. In certain cases, this would get him two extra tempi, but
it is hard to say whether the remaining white knight was better placed on g4 
(in the game) than on g3.}) 17. Nh2 Nh4 18. f3 Be6 19. Ng4 Nf5 20. Nxf5 Bxf5
21. Ne3 Be6 22. f4 $36 {White's pawns look threatening, but, with the white
king around, the attack is not so easy to carry out.} g6 23. g4 {This move
will allow the activation of Black's kingside pieces.} (23. Kf2 h5 $11 {
[%cal Gh5h4]}) (23. Kh2 $5 h5 24. g3 Be7 25. Bc3 $13 {would have maintained
the tension, but it is far from clear yet whether White has an advantage. His
plan would be to exchange one pair of rooks, place the remaining rook on f1
and play f5 without the help of the g-pawn.}) 23... h5 24. f5 (24. Kg2 hxg4 25.
hxg4 Be7 26. Bc3 Bd7 $132 {[%cal Gd7c6,Ge7h4]} 27. g5 $8 $11) 24... gxf5 (24...
Bc8 $5 {[%cal Gh5g4,Gg6f5]}) 25. gxf5 Bc8 26. Bc3 Rxd1 27. Rxd1 c6 $2 {[%csl
Gd6] A serious mistake, losing a tempo and weakening the d6-square.} ({The
ocupation of the d5-square by the knight would have been dangerous, indeed,
after} 27... Bh6 $6 28. Nd5 $1 Bxf5 29. e6 Rg8+ 30. Kh2 Bg5 31. Nxc7+ Kf8 32.
Rf1 $36) ({However,} 27... Rg8+ 28. Kf2 Be7 {looks entirely playable:} 29. Kf3
Bg5 30. Rg1 Kf8 31. Rd1 Ke8 $5 $11 (31... Bxe3 $2 32. Rd8+ Kg7 33. e6+ f6 34.
e7 $18)) 28. Kf2 Rg8 29. Kf3 Be7 30. Ke4 $14 {White has achieved strong
centralisation now.} Rg3 $6 (30... b5 $6 {[%csl Gc4]} 31. f6 Bd8 32. Nf5 $16) (
30... Bg5 31. Nc4 Be7 $14) 31. e6 $1 $16 {A thematic pawn break, taking
advantage of the high activity of all White's forces.} (31. Rh1 b5 32. Be1 $14)
31... Bg5 (31... fxe6 $6 32. f6 Bf8 33. Be5 Rxh3 34. f7+ $1 Kxf7 (34... Ke7 $2
35. Bd6+ Kxf7 36. Bxf8 Kxf8 37. Rd8+ $18) 35. Rd8 $16) (31... Rxh3 $2 32. f6
$18) 32. Nc4 fxe6 (32... Be7 $5 33. Be5 $1 (33. f6 $2 Bxe6 $1) 33... Rg8 (33...
Rxh3 34. Rg1 Rh4+ 35. Bf4 Rg4 36. exf7+ Kf8 37. Rf1 $16) (33... Rg2 34. Ne3 {
/\f6} Rf2 35. Rg1 Kf8 36. Rg7 fxe6 37. f6 Bxf6 38. Bxf6 Rxf6 39. Rc7 $18) 34.
f6 Bxe6 35. fxe7 Bxc4 36. Rd8+ Kxe7 37. Bf6+ $1 (37. Rxg8 $2 f5+ $1 $11) 37...
Kxf6 38. Rxg8 $18) 33. f6 b5 (33... Rxh3 34. Ke5 {[%csl Rc8][%cal Gc4d6]} (34.
Nd6+ $6 Kf8 35. Nxc8 $4 Re3#) 34... Bf4+ $5 35. Kxf4 Rh4+ 36. Ke5 Rxc4 37. Rh1
h4 38. Rg1 $18) 34. Nd6+ Kf8 35. Bd2 Bd7 36. Bf4 Bxf4 37. Kxf4 Rxh3 38. Ne4 $18
e5+ 39. Kxe5 Be8 40. Rd8 Re3 41. Kf4 Re1 42. Nd6 Rf1+ 43. Kg5 Rg1+ 44. Kh6 Rg6+
45. Kh7 1-0